| 000 | 00000cam 2200000zi 4500 |
| 001 | 9.958101 |
| 003 | CaOODSP |
| 005 | 20251209145422 |
| 006 | m o d f |
| 007 | cr |n||||||||| |
| 008 | 251209t20252025oncd ob f000 0 eng d |
| 040 | |aCaOODSP|beng|erda|cCaOODSP |
| 043 | |an-cn--- |
| 086 | 1 |aFB3-7/2025-27E-PDF |
| 100 | 1 |aSchroth, Josef, |eauthor. |
| 245 | 10|aAnticipating changes in bank buffer capital requirements / |cJosef Schroth. |
| 264 | 1|a[Ottawa] : |bBank of Canada = Banque du Canada, |c2025. |
| 264 | 4|c©2025 |
| 300 | |a1 online resource (i, 10 pages) : |bgraphs. |
| 336 | |atext|btxt|2rdacontent |
| 337 | |acomputer|bc|2rdamedia |
| 338 | |aonline resource|bcr|2rdacarrier |
| 490 | 1 |aStaff analytical note = |aNote analytique du personnel, |x2369-9639 ; |v2025-27 |
| 500 | |a"Last updated: December 1, 2025." |
| 504 | |aIncludes bibliographical references (page 10). |
| 650 | 0|aBank capital|xEconometric models. |
| 650 | 0|aBanks and banking|xEconometric models. |
| 650 | 6|aBanques|xCapital|xModèles économétriques. |
| 650 | 6|aBanques|xModèles économétriques. |
| 710 | 2 |aBank of Canada, |eissuing body. |
| 830 | #0|aStaff analytical note (Bank of Canada)|v2025-27.|w(CaOODSP)9.807323 |
| 856 | 40|qPDF|s739 KB|uhttps://publications.gc.ca/collections/collection_2025/banque-bank-canada/FB3-7-2025-27-eng.pdf |
| 856 | 4 |qHTML|sN/A|uhttps://www.bankofcanada.ca/2025/12/staff-analytical-note-2025-27/ |